Windows 3.1 and WORD for Windows

Uložené v:
Podrobná bibliografia
Médium: Kniha
Jazyk:Slovak
Vydavateľské údaje: Bratislava : Hardsoft Computers spol.s.r.o, 1995
Vydanie:1.vyd.
Predmet:
Tagy: Pridať tag
Žiadne tagy, Buďte prvý, kto otaguje tento záznam!

MARC

LEADER 00000nam a22000003a 4500
001 stu32954
005 20150408162338.1
008 970206s1995----xo------------------slo-d
020 |a 80-88705-01-0 
040 |a STU  |b slo 
041 0 |a slo 
044 |a xo 
080 |a 681.3.066 
245 |a Windows 3.1 and WORD for Windows 
250 |a 1.vyd. 
260 |a Bratislava :  |b Hardsoft Computers spol.s.r.o,  |c 1995 
300 |a 70 s 
650 7 |a programovacie jazyky  |2 stusub 
650 7 |a Word  |2 stusub 
996 |b 284J013193  |c J*92687  |l JJSK  |s A  |a 24  |w stu32954_0001